Panamá: agua y desarrollo en visperas del segundo siglo /

Uloženo v:
Podrobná bibliografie
Hlavní autor: Castro H., Guillermo
Médium: Text
Témata:
Tagy: Přidat tag
Žádné tagy, Buďte první, kdo vytvoří štítek k tomuto záznamu!

MARC

LEADER 00000 a a2200000 04500
001 18439
003
040
100 |a Castro H., Guillermo  
245 |a Panamá:   |b agua y desarrollo en visperas del segundo siglo /  |c Guillermo Castro H. 
650 |a DESARROLLO SOSTENIBLE  
650 |a RECURSOS HIDRICOS  
650 |a ZONA DEL CANAL DE PANAMA  
650 |a DESARROLLO AGROPECUARIO  
650 |a UTILIZACION DE LOS RECURSOS  
650 |a USO DE LA TIERRA  
650 |a RECURSOS NATURALES  
650 |a POBLACION  
650 |a RELACIONES INTERNACIONALES  
650 |a USO DE LA TIERRA  
773 |g número 114; páginas 21-52  
999 |c 35647  |d 35647